MARC

Tag First Indicator Second Indicator Subfields
LEADER 00000cas a2200000 a 4500
001 in00003470430
005 20200715095043.0
006 m o d
007 cr bn ---uuuuu
008 120302d191u191uun dr n o 0 a0ger d
035 |a AC006250 
040 |a UkMbAM-D  |c UkMbAM-D  |d UtOrBLW 
043 |a e------  |a e-un---  |a e-gx--- 
245 0 0 |a Funker-Zeitung. 
264 1 |a [Kiev] :  |b Heeresgruppe Kiew. 
300 |a 1 online resource. 
310 |a Daily 
336 |a text  |b txt  |2 rdacontent 
337 |a computer  |b c  |2 rdamedia 
338 |a online resource  |b cr  |2 rdacarrier 
500 |a Description based on issue for 16. Okt. 1918. 
500 |a Issue date from column heading: Bericht der deutschen Heeresleitung vom ... 
500 |a Title from masthead. 
500 |a "Armee-Funkerabteilung 17" 
535 1 |a Bibliothek für Zeitgeschichte in der Württembergischen Landesbibliothek 
500 |a Electronic resource. 
610 1 0 |a Germany.  |b Heer.  |b Armee-Funkerabteilung 17  |v Newspapers. 
650 0 |a World War, 1914-1918  |v Newspapers. 
651 0 |a Kyïv (Ukraine)  |v Newspapers. 
655 7 |a Newspapers.  |2 local 
710 1 |a Germany.  |b Heer.  |b Armee-Funkerabteilung 17. 
710 2 |a Bibliothek für Zeitgeschichte (Germany) 
710 2 |a Adam Matthew Digital (Firm) 
856 4 0 |u http://proxy.library.tamu.edu/login?url=http://www.firstworldwar.amdigital.co.uk/Contents/DocumentDetails.aspx?documentid=186317  |z Connect to the full text of this electronic resource  |t 0 
999 |a MARS 
999 f f |s 27389350-9b3b-3176-894a-1c2c302ff40d  |i 2b6f6486-1b08-30e2-928e-e17275ad4ae5  |t 0 
952 f f |a Texas A&M University  |b College Station  |c Electronic Resources  |d Available Online  |t 0  |h No information provided 
998 f f |t 0  |l Available Online